Issues in privatisation.
Stratégie privatizácie a jej prekážky v krajinách prechádzajúcich na trhovú ekonomiku. Použité stratégie a situácie sú ilustrované na typických príkladoch z jednotlivých krajín východnej Európy.
Salvato in:
| Autore principale: | |
|---|---|
| Natura: | Capitolo di libro |
| Lingua: | inglese |
| Soggetti: | |
| Tags: |
Nessun Tag, puoi essere il primo ad aggiungerne!!
|
MARC
| LEADER | 00000naa a2200000 4500 | ||
|---|---|---|---|
| 001 | r004569 | ||
| 005 | 20221208122655.8 | ||
| 041 | 0 | |a eng | |
| 044 | |a DE | ||
| 245 | 1 | 0 | |a Issues in privatisation. |c H. Schmieding |
| 520 | |a Stratégie privatizácie a jej prekážky v krajinách prechádzajúcich na trhovú ekonomiku. Použité stratégie a situácie sú ilustrované na typických príkladoch z jednotlivých krajín východnej Európy. | ||
| 610 | 2 | 0 | |a privatizácia |
| 610 | 2 | 0 | |a stratégia hospodárska |
| 610 | 2 | 0 | |a hospodárstvo trhové |
| 610 | 2 | 0 | |a východná Európa |
| 100 | 1 | |a Schmieding, H. | |